SPORTS CONTRACTS/ (Record no. 212749)

MARC details
000 -LEADER
fixed length control field 00576nam a22001817a 4500
005 - DATE AND TIME OF LATEST TRANSACTION
control field 20250731115101.0
010 ## - LCCN (DPL NO)
LC control number ENG-146261
020 ## - INTERNATIONAL STANDARD BOOK NUMBER
Terms of availability 1695.00
International Standard Book Number 9789349015074
035 ## - SYSTEM CONTROL NUMBER
System control number EN-129793
037 ## - SOURCE OF ACQUISITION
Source of stock number/acquisition DBAD
082 ## - DEWEY DECIMAL CLASSIFICATION NUMBER
Classification number 796.06
100 ## - MAIN ENTRY--PERSONAL NAME
Personal name GURGANI, SIMRAN RAJAN
245 ## - TITLE STATEMENT
Title SPORTS CONTRACTS/
Statement of responsibility, etc BY SIMRAN RAJAN GURGANI
Medium English
260 ## - PUBLICATION, DISTRIBUTION, ETC. (IMPRINT)
Place of publication, distribution, etc GURGAON
Name of publisher, distributor, etc LEXIS NEXIS
270 ## - ADDRESS
City GURGAON
Address 14th FLOOR, BUILDING NO. 10, TOWER-B, DLF CYBER CITY, PHASE-II, GURGAON, HARYANA
Postal code 122002
300 ## - PHYSICAL DESCRIPTION
Extent 469p
Dimensions 25cm(pbk)
942 ## - ADDED ENTRY ELEMENTS (KOHA)
Source of classification or shelving scheme Dewey Decimal Classification
Item type English Books
Classification part 796.06
Call number suffix GUR
Holdings
Withdrawn status Lost status Not for loan Collection code Home library Current library Date acquired Source of acquisition Cost, normal purchase price Full call number Barcode Copy number Cost, replacement price Koha item type
      Non-fiction Janak Puri Janak Puri 31/07/2025 DBAD 1695.00 796.06 GUR EN-129793 1 1695.00 English Books

© Delhi Public Library
Hit Counter
free hit counter